[Event "LSS RA-2008-0-00007"]
[Site "LSS email"]
[Date "2008.02.25"]
[Round "?"]
[White "Koch, Christian"]
[Black "Bunyan, Henry"]
[Result "1/2-1/2"]
[WhiteElo "2141"]
[BlackElo "2119"]
[PlyCount "60"]
[EventDate "2008.02.18"]
[EventType "tourn (corr)"]
[EventRounds "6"]
[EventCountry "GER"]
[SourceTitle "Corr 2011"]
[Source "ChessBase"]
[SourceDate "2010.08.31"]
[SourceVersion "1"]
[SourceVersionDate "2010.08.31"]
[SourceQuality "1"]

1. e4 c5 2. Nc3 Nc6 3. g3 g6 4. Bg2 Bg7 5. d3 d6 6. h3 e5 7. Nge2 Nge7 8. 0-0 0-0 9. f4 Nd4 10. g4 exf4 11. Nxf4 Bd7 12. Be3 Ne6 13. Qd2 Nxf4 14. Bxf4 Qb6 15. Kh1 Rac8 16. a4 a6 17. Ra3 Qc7 18. a5 Be6 19. Nd5 Bxd5 20. exd5 Bxb2 21. Rb3 Bd4 22. c3 Bg7 23. d4 Rb8 24. dxc5 Qxc5 25. Qe3 Qc4 26. Rb4 Qc7 27. c4 Rfe8 28. Qb6 Qxb6 29. Rxb6 Nc8 30. Bxd6 Nxd6 1/2-1/2

[Event "LSS RA-2008-0-00007"]
[Site "LSS email"]
[Date "2008.02.22"]
[Round "?"]
[White "Bunyan, Henry"]
[Black "Schabata, Wolfgang"]
[Result "1/2-1/2"]
[WhiteElo "2119"]
[BlackElo "2026"]
[PlyCount "43"]
[EventDate "2008.02.18"]
[EventType "tourn (corr)"]
[EventRounds "6"]
[EventCountry "GER"]
[SourceTitle "Corr 2011"]
[Source "ChessBase"]
[SourceDate "2010.08.31"]
[SourceVersion "1"]
[SourceVersionDate "2010.08.31"]
[SourceQuality "1"]

1. d4 e6 2. e4 d5 3. Nc3 Bb4 4. e5 c5 5. a3 cxd4 6. axb4 dxc3 7. bxc3 Ne7 8. f4 Qc7 9. Ra3 Nd7 10. Nf3 Nb6 11. Be3 0-0 12. Bc5 Re8 13. Bd6 Qd8 14. Bd3 Nf5 15. Bc5 Bd7 16. 0-0 Nc4 17. Bxc4 dxc4 18. Qe2 b6 19. Bf2 Bc6 20. Qxc4 Bxf3 21. gxf3 Rc8 22. Qe2 1/2-1/2

[Event "LSS RA-2008-0-00007"]
[Site "LSS email"]
[Date "2008.02.22"]
[Round "?"]
[White "Bunyan, Henry"]
[Black "Sherwood, Russell"]
[Result "1-0"]
[WhiteElo "2119"]
[BlackElo "1942"]
[PlyCount "57"]
[EventDate "2008.02.18"]
[EventType "tourn (corr)"]
[EventRounds "6"]
[EventCountry "GER"]
[SourceTitle "Corr 2011"]
[Source "ChessBase"]
[SourceDate "2010.08.31"]
[SourceVersion "1"]
[SourceVersionDate "2010.08.31"]
[SourceQuality "1"]

1. d4 f5 2. Nf3 Nf6 3. g3 g6 4. Bg2 Bg7 5. 0-0 0-0 6. c4 d6 7. Nc3 Qe8 8. b3 e5 9. dxe5 dxe5 10. e4 Nc6 11. Nd5 Qd7 12. Ba3 Rd8 13. Qc2 Nxe4 14. Rad1 Kh8 15. Nf6 Bxf6 16. Rxd7 Bxd7 17. Bb2 Be6 18. a3 Kg8 19. b4 a6 20. Rc1 Bg7 21. b5 Na5 22. Nxe5 Rd2 23. Qb1 axb5 24. Bxe4 fxe4 25. Bc3 Rd6 26. Qxe4 bxc4 27. Bxa5 Rxa5 28. Nxc4 Ra4 29. Nxd6 1-0

[Event "IECG WC.2004.F.00003"]
[Site "IECG email"]
[Date "2005.05.16"]
[Round "?"]
[White "Bunyan, Henry"]
[Black "Luehrig, Walter"]
[Result "1-0"]
[WhiteElo "2072"]
[BlackElo "2155"]
[PlyCount "63"]
[EventDate "2005.05.16"]
[EventType "tourn (corr)"]
[EventRounds "6"]
[SourceTitle "Corr 2008"]
[Source "ChessBase"]
[SourceDate "2008.06.24"]
[SourceVersion "1"]
[SourceVersionDate "2008.06.24"]
[SourceQuality "1"]

1. d4 d5 2. c4 e6 3. Nc3 Nf6 4. Nf3 c6 5. Bg5 dxc4 6. e4 b5 7. e5 h6 8. Bh4 g5 9. Nxg5 hxg5 10. Bxg5 Nbd7 11. exf6 Bb7 12. g3 c5 13. d5 Nxf6 14. Bg2 Be7 15. 0-0 Nxd5 16. Bxe7 Kxe7 17. Nxb5 Qb6 18. Na3 c3 19. Nc4 Qa6 20. b3 Rad8 21. Qf3 Rh7 22. Rfe1 Kd7 23. Ne3 Kc8 24. Nxd5 Bxd5 25. Qxc3 Bxg2 26. Kxg2 Qc6+ 27. Kg1 Rdh8 28. h4 Rg8 29. Qc4 Rh5 30. Rad1 Kb7 31. Rd3 Rgg5 32. Rc1 1-0

[Event "IECG WC.2004.F.00003"]
[Site "IECG email"]
[Date "2005.05.16"]
[Round "?"]
[White "Orsolic, Marijan"]
[Black "Bunyan, Henry"]
[Result "1-0"]
[WhiteElo "2137"]
[BlackElo "2072"]
[PlyCount "127"]
[EventDate "2005.05.16"]
[EventType "tourn (corr)"]
[EventRounds "6"]
[SourceTitle "Corr 2008"]
[Source "ChessBase"]
[SourceDate "2008.06.24"]
[SourceVersion "1"]
[SourceVersionDate "2008.06.24"]
[SourceQuality "1"]

1. e4 e5 2. Nf3 Nc6 3. Bb5 a6 4. Bxc6 dxc6 5. 0-0 Qd6 6. Na3 Be6 7. Qe2 f6 8. Rd1 0-0-0 9. d4 Bg4 10. Be3 Qe6 11. dxe5 Rxd1+ 12. Qxd1 Nh6 13. Qd4 Bxf3 14. gxf3 c5 15. Qd5 Qxd5 16. exd5 fxe5 17. Bxh6 gxh6 18. Nc4 Bg7 19. Rd1 Rf8 20. Nd2 Bf6 21. Kf1 Kd7 22. Ke2 Rg8 23. Ne4 Be7 24. c4 Rg6 25. h3 Rg2 26. Rh1 Rg7 27. b3 a5 28. a4 Rf7 29. Rg1 b6 30. Rg8 Bf8 31. Rg4 Be7 32. f4 exf4 33. Kf3 Bg5 34. h4 Be7 35. h5 Ke8 36. Rxf4 Rg7 37. Rg4 Rf7+ 38. Ke3 Rf5 39. Ng3 Rf7 40. f4 Bd6 41. Ne4 Bf8 42. Rg8 Kd7 43. Kf3 Ke7 44. Kg4 Kd7 45. Rh8 Be7 46. f5 Rg7+ 47. Kf4 Rf7 48. Ke5 Bd6+ 49. Nxd6 cxd6+ 50. Kf4 Kc7 51. Re8 Kd7 52. Re6 Re7 53. Rxh6 Rf7 54. Kg5 Rg7+ 55. Rg6 Re7 56. Kf6 hxg6 57. hxg6 Re3 58. g7 Re8 59. Kf7 Re7+ 60. Kg6 Re8 61. f6 Re3 62. g8Q Rg3+ 63. Kf7 Rxg8 64. Kxg8 1-0

[Event "IECG WC.2004.F.00003"]
[Site "IECG email"]
[Date "2005.05.16"]
[Round "?"]
[White "Zaichuk, Vitaliy"]
[Black "Bunyan, Henry"]
[Result "1/2-1/2"]
[WhiteElo "2104"]
[BlackElo "2072"]
[PlyCount "139"]
[EventDate "2005.05.16"]
[EventType "tourn (corr)"]
[EventRounds "6"]
[SourceTitle "Corr 2008"]
[Source "ChessBase"]
[SourceDate "2008.06.24"]
[SourceVersion "1"]
[SourceVersionDate "2008.06.24"]
[SourceQuality "1"]

1. Nf3 Nf6 2. c4 g6 3. d4 Bg7 4. Nc3 0-0 5. e4 d6 6. Be2 e5 7. 0-0 Nc6 8. d5 Ne7 9. b4 Nh5 10. Re1 a5 11. bxa5 Rxa5 12. Nd2 Nf4 13. Bf1 c5 14. a4 Bd7 15. Nb5 Nc8 16. Ra3 Qh4 17. Kh1 Qe7 18. Nb3 Ra8 19. a5 Qf6 20. Kg1 Rd8 21. Nd2 Qg5 22. Nb1 Qe7 23. g3 Nh5 24. Be2 Nf6 25. N1c3 Rf8 26. Nc7 Rb8 27. Bf3 Na7 28. Bg2 Qd8 29. N7b5 Nxb5 30. cxb5 Ne8 31. Qd3 f5 32. Bd2 Ra8 33. Na4 Nc7 34. Rb1 fxe4 35. Bxe4 Qe8 36. Rab3 Qf7 37. Nb6 Qxf2+ 38. Kh1 Bg4 39. Nxa8 Rxa8 40. a6 bxa6 41. bxa6 Nxa6 42. Rb6 Bf8 43. Rf1 c4 44. Rxf2 cxd3 45. Bxd3 Nc5 46. Bc2 e4 47. Be3 Nd3 48. Rd2 Ne5 49. Rd4 Bg7 50. Ra4 Rxa4 51. Bxa4 Bf3+ 52. Kg1 Ng4 53. Rb8+ Kf7 54. Bb6 e3 55. Be8+ Ke7 56. Bb5 e2 57. Re8+ Kf7 58. Bxe2 Kxe8 59. Bxf3 Ne5 60. Be2 Nd7 61. Be3 Bc3 62. Kg2 Nf6 63. Bf3 Nd7 64. g4 Kf7 65. g5 Ne5 66. Be2 Be1 67. Kh3 Ke7 68. Ba6 Kd8 69. Bf1 Kd7 70. Bc1 1/2-1/2

[Event "IECG WC.2003.F.00004 email"]
[Site "IECG email"]
[Date "2003.12.20"]
[Round "?"]
[White "Bunyan, Henry"]
[Black "Fels, Bernhard"]
[Result "0-1"]
[WhiteElo "2186"]
[BlackElo "2113"]
[PlyCount "116"]
[EventDate "2003.12.20"]
[EventType "tourn (corr)"]
[EventRounds "14"]
[SourceTitle "Corr 2008"]
[Source "ChessBase"]
[SourceDate "2008.06.24"]
[SourceVersion "1"]
[SourceVersionDate "2008.06.24"]
[SourceQuality "1"]

1. d4 Nf6 2. c4 e5 3. dxe5 Ng4 4. Bf4 Nc6 5. Nf3 Bc5 6. e3 Qe7 7. Nc3 Bb4 8. Qb3 Ba5 9. Bg5 Qe6 10. Be2 Ngxe5 11. 0-0 d6 12. Nd4 Qg6 13. f4 Nxd4 14. exd4 Nc6 15. Bf3 0-0 16. Nd5 f6 17. Bh4 Nxd4 18. Ne7+ Kf7 19. Nxg6 Nxb3 20. Nxf8 Nxa1 21. Bf2 Nc2 22. Be4 Kxf8 23. Bxc2 Be6 24. b3 Kf7 25. Be1 Bxe1 26. Rxe1 g6 27. f5 Bxf5 28. Bxf5 gxf5 29. Re3 Rg8 30. Kf2 Rg4 31. Rh3 Kg6 32. Re3 Rd4 33. Rg3+ Kf7 34. Rh3 Kg7 35. Rg3+ Kh8 36. Re3 Rf4+ 37. Kg3 Re4 38. Rf3 Re2 39. Rxf5 Rxa2 40. Rxf6 Ra3 41. Rf3 a5 42. Kg4 a4 43. bxa4 Rxa4 44. Rf4 c6 45. Kg5 Kg7 46. Re4 Ra5+ 47. Kf4 Kf6 48. g4 Ra4 49. g5+ Kf7 50. Kf5 d5 51. Re2 dxc4 52. Ke4 c5 53. Kd5 c3 54. Rc2 Ra3 55. Kxc5 Ra6 56. Rxc3 Rc6+ 57. Kd4 Rxc3 58. Kxc3 Kg6 0-1

[Event "IECG WC.2003.F.00004 email"]
[Site "IECG email"]
[Date "2003.12.20"]
[Round "?"]
[White "Bunyan, Henry"]
[Black "Kunzmann, Hector AT"]
[Result "0-1"]
[WhiteElo "2186"]
[BlackElo "2173"]
[PlyCount "88"]
[EventDate "2003.12.20"]
[EventType "tourn (corr)"]
[EventRounds "14"]
[SourceTitle "Corr 2008"]
[Source "ChessBase"]
[SourceDate "2008.06.24"]
[SourceVersion "1"]
[SourceVersionDate "2008.06.24"]
[SourceQuality "1"]

1. d4 Nf6 2. c4 e6 3. Nc3 Bb4 4. e3 0-0 5. Bd3 d5 6. Nf3 c5 7. 0-0 Nc6 8. a3 Bxc3 9. bxc3 Qc7 10. cxd5 exd5 11. Nh4 Ne7 12. a4 Ng6 13. Nf5 Re8 14. Ba3 c4 15. Bc2 Bxf5 16. Bxf5 Ne4 17. Qh5 Nxc3 18. Bb4 Ne4 19. Bxe4 dxe4 20. Rfc1 Rac8 21. Ra2 Qb6 22. Rb2 Qe6 23. Bc3 b6 24. d5 Qd6 25. a5 Rc5 26. Rd2 Rb5 27. axb6 axb6 28. Qf5 Rb3 29. g3 b5 30. Rd4 b4 31. Ba1 c3 32. Rxe4 Ne5 33. Rd4 Ra3 34. Rdd1 Rea8 35. e4 g6 36. Qf4 Rxa1 37. Rxa1 Rxa1 38. Rxa1 b3 39. Qe3 Qb4 40. Qf4 Qb8 41. Rc1 b2 42. Rxc3 b1Q+ 43. Kg2 Qe8 44. Rc1 Qb4 0-1

[Event "IECG WC.2003.F.00004 email"]
[Site "IECG email"]
[Date "2003.12.20"]
[Round "?"]
[White "Bunyan, Henry"]
[Black "Schilly, Hans Joachim"]
[Result "0-1"]
[WhiteElo "2186"]
[BlackElo "2112"]
[PlyCount "112"]
[EventDate "2003.12.20"]
[EventType "tourn (corr)"]
[EventRounds "14"]
[SourceTitle "Corr 2008"]
[Source "ChessBase"]
[SourceDate "2008.06.24"]
[SourceVersion "1"]
[SourceVersionDate "2008.06.24"]
[SourceQuality "1"]

1. d4 d5 2. c4 c6 3. Nf3 Nf6 4. Nc3 e6 5. e3 Bd6 6. Bd3 dxc4 7. Bxc4 0-0 8. 0-0 Nbd7 9. Qc2 Qc7 10. Bd2 b6 11. Rac1 Bb7 12. e4 e5 13. g3 a6 14. Nxe5 Nxe5 15. dxe5 Bxe5 16. Bg5 h6 17. Bxf6 Bxf6 18. Bb3 Qe7 19. Rfd1 Rad8 20. a3 b5 21. a4 b4 22. Ne2 c5 23. Bd5 Bxd5 24. exd5 Bg5 25. d6 Qe6 26. f4 Bf6 27. f5 Qe3+ 28. Kg2 Qe5 29. Ng1 Rxd6 30. Nf3 Qe7 31. Rxd6 Qxd6 32. Qxc5 Qxc5 33. Rxc5 Bxb2 34. Rc6 Bc3 35. a5 Rd8 36. Rxa6 b3 37. Rb6 b2 38. a6 Kh7 39. Ne1 Rd6 40. Rb3 Bxe1 41. Rxb2 Rxa6 42. Re2 Bc3 43. Rc2 Be5 44. Re2 f6 45. Kf3 Ra4 46. Rd2 h5 47. Kg2 Rb4 48. Rd3 Rb2+ 49. Kh3 g5 50. fxg6+ Kxg6 51. Re3 h4 52. Ra3 hxg3 53. hxg3 Kg5 54. Rd3 Rb1 55. Rf3 Rc1 56. Re3 Rc3 0-1

[Event "IECG WC.2003.F.00004 email"]
[Site "IECG email"]
[Date "2003.12.20"]
[Round "?"]
[White "Burkett, Max"]
[Black "Bunyan, Henry"]
[Result "1-0"]
[WhiteElo "2182"]
[BlackElo "2186"]
[PlyCount "105"]
[EventDate "2003.12.20"]
[EventType "tourn (corr)"]
[EventRounds "14"]
[SourceTitle "Telechess CBM 145"]
[Source "Chessbase"]
[SourceDate "2011.11.11"]
[SourceVersion "1"]
[SourceVersionDate "2011.11.11"]
[SourceQuality "1"]

1. e4 Nf6 2. e5 Nd5 3. c4 Nb6 4. d4 d6 5. f4 g5 6. exd6 Qxd6 7. c5 Qe6+ 8. Kf2 Nd5 9. Bc4 Nc3 10. Qb3 Ne4+ 11. Kf1 Qf5 12. g4 Qf6 13. Bd3 Nc6 14. Bxe4 Nxd4 15. Qb4 a5 16. Qd2 e5 17. Nf3 Nxf3 18. Bxf3 h5 19. gxh5 Bh3+ 20. Ke1 Rd8 21. Qe2 g4 22. Bxb7 Be7 23. Bd2 exf4 24. Nc3 Qh4+ 25. Kd1 f3 26. Qe4 Kf8 27. Kc2 Rxh5 28. Rhd1 Qf2 29. Qe3 Qxh2 30. Rh1 Qg2 31. Ne4 Bxc5 32. Nxc5 Rxd2+ 33. Qxd2 Rxc5+ 34. Kd3 Qxd2+ 35. Kxd2 Bg2 36. Rhc1 Re5 37. Rxc7 Bh3 38. Ba6 g3 39. Rc3 Bg4 40. Rg1 g2 41. a4 Re6 42. Bb5 Kg7 43. Rc5 f5 44. Bc4 Re4 45. Bd3 Rb4 46. Rc2 Rxa4 47. Ke3 Kf6 48. Bc4 Rb4 49. Bd5 Ke5 50. Bc6 Bh5 51. Kf2 Kf4 52. Ra1 Rd4 53. Ra4 1-0

[Event "IECG WC.2003.F.00004 email"]
[Site "IECG email"]
[Date "2003.12.20"]
[Round "?"]
[White "Spiridonov, Nick"]
[Black "Bunyan, Henry"]
[Result "1-0"]
[WhiteElo "2141"]
[BlackElo "2186"]
[PlyCount "57"]
[EventDate "2003.12.20"]
[EventType "tourn (corr)"]
[EventRounds "14"]
[SourceTitle "Corr 2008"]
[Source "ChessBase"]
[SourceDate "2008.06.24"]
[SourceVersion "1"]
[SourceVersionDate "2008.06.24"]
[SourceQuality "1"]

1. e4 Nf6 2. e5 Nd5 3. d4 d6 4. Nf3 Bg4 5. Be2 Bxf3 6. Bxf3 dxe5 7. c4 Nb6 8. Bxb7 N8d7 9. Bxa8 Qxa8 10. 0-0 exd4 11. Qxd4 e5 12. Re1 Qc6 13. b3 Bb4 14. Bd2 0-0 15. Qh4 Qd6 16. Bxb4 Qxb4 17. Rd1 f5 18. Qg3 Rf6 19. Nc3 Rg6 20. Qh3 Rh6 21. Qe3 f4 22. Qf3 Qf8 23. Rd2 Nc5 24. Rad1 Ne6 25. Qe4 f3 26. Qxe5 fxg2 27. Ne2 Rg6 28. Rd3 Nc8 29. Nd4 1-0

[Event "IECG WC.2003.F.00004 email"]
[Site "IECG email"]
[Date "2003.12.20"]
[Round "?"]
[White "Van Seben, Edgar"]
[Black "Bunyan, Henry"]
[Result "1-0"]
[WhiteElo "2158"]
[BlackElo "2186"]
[PlyCount "71"]
[EventDate "2003.12.20"]
[EventType "tourn (corr)"]
[EventRounds "14"]
[SourceTitle "Corr 2008"]
[Source "ChessBase"]
[SourceDate "2008.06.24"]
[SourceVersion "1"]
[SourceVersionDate "2008.06.24"]
[SourceQuality "1"]

1. d4 d5 2. c4 dxc4 3. e4 c5 4. d5 Nf6 5. Nc3 b5 6. Bf4 Qa5 7. f3 Nh5 8. Bd2 e5 9. dxe6 Bxe6 10. f4 g6 11. f5 Bd7 12. g4 Qd8 13. gxh5 Qh4+ 14. Ke2 Nc6 15. Bg2 Ne5 16. Nf3 Qg4 17. Kf1 Nxf3 18. Qxf3 gxf5 19. Qxg4 fxg4 20. Nd5 0-0-0 21. Bc3 Bd6 22. Bxh8 Rxh8 23. b3 f5 24. Re1 f4 25. e5 Bc7 26. e6 Be8 27. Be4 Ba5 28. Rc1 Bd2 29. Rc2 c3 30. Nxc3 Be3 31. Nd5 Bd4 32. h3 g3 33. Kg2 Rf8 34. Rf1 a5 35. Rxf4 Rxf4 36. Nxf4 1-0

[Event "IECG WC.2004.T.00004 email"]
[Site "IECG email"]
[Date "2003.08.15"]
[Round "?"]
[White "Bunyan, Henry"]
[Black "Neven, Knut G"]
[Result "0-1"]
[WhiteElo "2190"]
[BlackElo "2432"]
[PlyCount "150"]
[EventDate "2003.08.15"]
[EventType "tourn (corr)"]
[EventRounds "8"]
[SourceTitle "Corr 2008"]
[Source "ChessBase"]
[SourceDate "2008.06.24"]
[SourceVersion "1"]
[SourceVersionDate "2008.06.24"]
[SourceQuality "1"]

1. e4 e6 2. d4 d5 3. Nc3 Bb4 4. e5 c5 5. a3 Bxc3+ 6. bxc3 Qc7 7. Nf3 b6 8. a4 Ba6 9. Bxa6 Nxa6 10. 0-0 Ne7 11. Be3 0-0 12. Qe2 Nb8 13. a5 Nd7 14. Rfd1 Rfc8 15. Bg5 Nc6 16. axb6 axb6 17. Bd2 Ra5 18. Be3 Rca8 19. Rxa5 Rxa5 20. h3 cxd4 21. cxd4 Ra2 22. Ne1 Na5 23. Rb1 Nc4 24. Bc1 Qa7 25. Qd1 Nf8 26. Nd3 Ng6 27. Nb4 Ra1 28. Bg5 Rxb1 29. Qxb1 h6 30. Bc1 Qa4 31. Kh2 Ne7 32. g4 Qb5 33. c3 Nc6 34. g5 hxg5 35. Bxg5 Nxb4 36. Qxb4 Qxb4 37. cxb4 Kh7 38. Kg3 Kg6 39. Bd8 Kf5 40. Kf3 b5 41. Be7 f6 42. exf6 gxf6 43. h4 Na3 44. Ke2 Nc2 45. Bc5 Kg4 46. Kd2 Na3 47. Be7 Kxh4 48. Bxf6+ Kg4 49. Kd3 Kf3 50. Bh4 Nc4 51. Bg3 Nb6 52. Bc7 Nd7 53. Bd8 Nf8 54. Bh4 Ng6 55. Bf6 Kxf2 56. Bg5 Kf3 57. Bd8 Nf4+ 58. Kd2 Ke4 59. Bb6 Nh3 60. Bc5 Ng1 61. Bb6 Nf3+ 62. Kc3 Ke3 63. Bc5 Ng1 64. Kc2 Ne2 65. Bb6 Ke4 66. Kd2 Nxd4 67. Bc5 Nb3+ 68. Kc2 Nxc5 69. bxc5 Ke5 70. Kc3 d4+ 71. Kd3 Kd5 72. c6 Kxc6 73. Kxd4 Kd6 74. Kc3 Kc5 75. Kd3 b4 0-1

[Event "IECG WC.2004.T.00004 email"]
[Site "IECG email"]
[Date "2003.08.15"]
[Round "?"]
[White "Taboada, Pedro Pablo"]
[Black "Bunyan, Henry"]
[Result "1-0"]
[WhiteElo "2366"]
[BlackElo "2190"]
[PlyCount "71"]
[EventDate "2003.08.15"]
[EventType "tourn (corr)"]
[EventRounds "8"]
[SourceTitle "Corr 2008"]
[Source "ChessBase"]
[SourceDate "2008.06.24"]
[SourceVersion "1"]
[SourceVersionDate "2008.06.24"]
[SourceQuality "1"]

1. d4 f5 2. c4 Nf6 3. g3 e6 4. Bg2 Be7 5. Nf3 0-0 6. 0-0 d6 7. Nc3 Qe8 8. b3 Qh5 9. Bb2 c6 10. Qc2 Nbd7 11. Ba3 Rf7 12. Rad1 e5 13. c5 e4 14. cxd6 Bxd6 15. Bxd6 exf3 16. exf3 Ne8 17. Ba3 b6 18. Rfe1 Bb7 19. f4 Ndf6 20. d5 cxd5 21. Nxd5 Nxd5 22. Bxd5 Bxd5 23. Rxd5 Nf6 24. Rxf5 Rc7 25. Qxc7 Qxf5 26. Re7 Qb1+ 27. Kg2 Kh8 28. Rxg7 Qe4+ 29. f3 Qe2+ 30. Kh3 Qe6+ 31. g4 Qe2 32. Qe7 Qxf3+ 33. Kh4 Qf2+ 34. Kg5 Qd4 35. Qxf6 Qxf6+ 36. Kxf6 1-0

[Event "IECG WC.2005.S.00002 email"]
[Site "IECG email"]
[Date "2003.05.19"]
[Round "?"]
[White "Bunyan, Henry"]
[Black "Bystrov, Sergey Mikhailovich"]
[Result "1/2-1/2"]
[WhiteElo "2190"]
[BlackElo "2371"]
[PlyCount "124"]
[EventDate "2003.05.19"]
[EventType "tourn (corr)"]
[EventRounds "10"]
[SourceTitle "Corr 2008"]
[Source "ChessBase"]
[SourceDate "2008.06.24"]
[SourceVersion "1"]
[SourceVersionDate "2008.06.24"]
[SourceQuality "1"]

1. e4 c6 2. d4 d5 3. Nc3 dxe4 4. Nxe4 Bf5 5. Ng3 Bg6 6. h4 h6 7. Nf3 e6 8. Ne5 Bh7 9. Bd3 Bxd3 10. Qxd3 Nd7 11. Bf4 Nxe5 12. Bxe5 Qa5+ 13. c3 Nf6 14. 0-0 0-0-0 15. Qf3 Qd5 16. Qf4 Be7 17. Rac1 g5 18. hxg5 hxg5 19. Qxg5 Rdg8 20. Qf4 Rg4 21. c4 Qd8 22. Qf3 Rhh4 23. Rfd1 Nd7 24. Qxf7 Rh6 25. c5 Bh4 26. Qf3 Qg8 27. Rc3 Nxe5 28. dxe5 Rhg6 29. Qd3 Rg7 30. Rc4 Rxc4 31. Qxc4 Bxg3 32. fxg3 Rxg3 33. Rd2 Qf7 34. Rd6 Rg6 35. Qh4 Qg8 36. Rd2 Qe8 37. Qh7 Rg8 38. Rd6 Rh8 39. Qg7 Rg8 40. Qh6 Rg6 41. Qe3 Qh8 42. Qf4 Qg8 43. Rd2 Rg4 44. Qf1 Qe8 45. Qd3 Rg8 46. b4 Rh8 47. Qf1 Rf8 48. Rf2 Rh8 49. Rf4 Qe7 50. Qc4 Kb8 51. Qd3 Rd8 52. Rd4 Rg8 53. Qd2 a6 54. Qh6 Ka7 55. a4 a5 56. Qf6 Qc7 57. Qf4 Qg7 58. Rd2 Rf8 59. Qd4 Qg3 60. Rf2 Rxf2 61. Qxf2 Qxe5 62. bxa5 Qa1+ 1/2-1/2

[Event "IECG WC.2005.S.00002 email"]
[Site "IECG email"]
[Date "2003.05.19"]
[Round "?"]
[White "De Silva, Dinesh"]
[Black "Bunyan, Henry"]
[Result "1-0"]
[WhiteElo "2255"]
[BlackElo "2190"]
[PlyCount "93"]
[EventDate "2003.05.19"]
[EventType "tourn (corr)"]
[EventRounds "10"]
[SourceTitle "Corr 2008"]
[Source "ChessBase"]
[SourceDate "2008.06.24"]
[SourceVersion "1"]
[SourceVersionDate "2008.06.24"]
[SourceQuality "1"]

1. e4 e5 2. Nf3 Nc6 3. d4 exd4 4. Nxd4 Bc5 5. Nb3 Bb6 6. Nc3 d6 7. Bf4 Nf6 8. Qd2 0-0 9. f3 Be6 10. 0-0-0 a6 11. Be2 Qe7 12. Kb1 Rad8 13. Nd5 Bxd5 14. exd5 Ne5 15. Rhe1 Rfe8 16. Nd4 Nxd5 17. Nf5 Qe6 18. Nxg7 Kxg7 19. Qxd5 Ng6 20. Qxe6 Rxe6 21. Bg3 Rde8 22. Bd3 Rxe1 23. Bxe1 d5 24. Bc3+ f6 25. Bxg6 Kxg6 26. Rxd5 Re2 27. Rd8 Kf5 28. Rg8 Bd4 29. Rg7 h5 30. h4 Kf4 31. a4 Bxc3 32. bxc3 f5 33. Rg5 c5 34. c4 b6 35. a5 bxa5 36. g3+ Kxf3 37. Rxf5+ Kxg3 38. Rxh5 Re4 39. Rxc5 Rxh4 40. Kb2 Kf2 41. Kb3 Rh3+ 42. c3 Rh6 43. Rd5 Kf3 44. c5 Ke4 45. Rd6 Rh7 46. Kc4 Ke5 47. Rxa6 1-0

[Event "IECG WC.2005.S.00002 email"]
[Site "IECG email"]
[Date "2003.05.19"]
[Round "?"]
[White "Oates, R Bruce"]
[Black "Bunyan, Henry"]
[Result "1-0"]
[WhiteElo "2025"]
[BlackElo "2190"]
[PlyCount "99"]
[EventDate "2003.05.19"]
[EventType "tourn (corr)"]
[EventRounds "10"]
[SourceTitle "Corr 2008"]
[Source "ChessBase"]
[SourceDate "2008.06.24"]
[SourceVersion "1"]
[SourceVersionDate "2008.06.24"]
[SourceQuality "1"]

1. d4 Nf6 2. c4 e6 3. Nf3 d5 4. Nc3 Be7 5. Bg5 0-0 6. e3 h6 7. Bh4 b6 8. Bd3 Bb7 9. 0-0 Nbd7 10. Qe2 c5 11. Bg3 Ne4 12. cxd5 exd5 13. Bf4 Rc8 14. Rfd1 f5 15. Ba6 Bxa6 16. Qxa6 Nxc3 17. bxc3 g5 18. Be5 g4 19. Ne1 cxd4 20. cxd4 Nxe5 21. dxe5 Qd7 22. Nd3 Bg5 23. a4 Rc4 24. a5 Ra4 25. Rf1 d4 26. e6 Qe8 27. e7 Bxe7 28. Rxa4 Qxa4 29. Qxa7 Bd8 30. a6 dxe3 31. fxe3 Qe4 32. Nf4 Qxe3+ 33. Kh1 Qe8 34. Qb7 Rf7 35. Qd5 Qd7 36. Qb3 Qa7 37. Qe6 Bg5 38. Qg6+ Rg7 39. Qxf5 Bxf4 40. Qc8+ Kh7 41. Rxf4 Qc7 42. Qf5+ Kh8 43. Qf6 Kh7 44. Rf1 g3 45. Qf5+ Kh8 46. Qb1 Qd8 47. Qa1 Kh7 48. Rf6 Qc8 49. Qb1+ Kg8 50. Rxb6 1-0

[Event "IECG WC.2005.S.00002 email"]
[Site "IECG email"]
[Date "2003.05.19"]
[Round "?"]
[White "Raidna, Raivo I"]
[Black "Bunyan, Henry"]
[Result "1/2-1/2"]
[WhiteElo "2372"]
[BlackElo "2190"]
[PlyCount "87"]
[EventDate "2003.05.19"]
[EventType "tourn (corr)"]
[EventRounds "10"]
[SourceTitle "Corr 2008"]
[Source "ChessBase"]
[SourceDate "2008.06.24"]
[SourceVersion "1"]
[SourceVersionDate "2008.06.24"]
[SourceQuality "1"]

1. e4 e5 2. Nf3 Nc6 3. Bb5 a6 4. Ba4 Nf6 5. 0-0 Nxe4 6. d4 b5 7. Bb3 d5 8. dxe5 Be6 9. Nbd2 Nc5 10. c3 Bg4 11. Bc2 Be7 12. Re1 0-0 13. Nb3 Nxb3 14. Bxb3 Be6 15. Qd3 Qd7 16. Bf4 Rfd8 17. Rad1 Bf5 18. Qe3 Be6 19. Ng5 Na5 20. Bc2 g6 21. Qg3 c5 22. Qh4 h5 23. Qg3 Rf8 24. Be4 Rad8 25. Bf3 Kh8 26. Re2 Nc4 27. b3 Nb6 28. Be3 a5 29. Ree1 Rg8 30. b4 Na4 31. bxc5 Rg7 32. Bd4 Nxc5 33. Be2 Qc6 34. Rb1 Rb8 35. Qe3 Kg8 36. Nxe6 Nxe6 37. a4 b4 38. Bb5 Qa8 39. cxb4 axb4 40. Qd3 Kh7 41. Rec1 Rgg8 42. Rc6 Rbc8 43. Ra6 Qb8 44. Rb6 1/2-1/2

[Event "IECG WC.2004.S.00003 email"]
[Site "IECG email"]
[Date "2002.05.08"]
[Round "?"]
[White "Bunyan, Henry"]
[Black "Kozlowicz, Alejandro Antonio"]
[Result "1/2-1/2"]
[WhiteElo "2227"]
[BlackElo "2471"]
[PlyCount "98"]
[EventDate "2002.05.08"]
[EventType "tourn (corr)"]
[EventRounds "8"]
[SourceTitle "Corr 2008"]
[Source "ChessBase"]
[SourceDate "2008.06.24"]
[SourceVersion "1"]
[SourceVersionDate "2008.06.24"]
[SourceQuality "1"]

1. d4 Nf6 2. c4 g6 3. Nc3 Bg7 4. e4 d6 5. Nf3 0-0 6. Be2 e5 7. 0-0 Nc6 8. d5 Ne7 9. Ne1 Nd7 10. Nd3 f5 11. Bd2 Nf6 12. f3 f4 13. c5 g5 14. Rc1 Ng6 15. cxd6 cxd6 16. Nb5 Rf7 17. Qc2 Ne8 18. a4 h5 19. Nf2 Bd7 20. Qb3 a6 21. Na3 b5 22. axb5 axb5 23. Ra1 Rb8 24. Nc2 Qb6 25. Ba5 Qb7 26. Nb4 Ne7 27. Rfc1 Ra8 28. h3 g4 29. fxg4 hxg4 30. Bxg4 Bxg4 31. hxg4 Bf6 32. Nc6 Bh4 33. g5 Rg7 34. Ng4 Bxg5 35. Ra3 Kh8 36. Be1 Rxa3 37. bxa3 f3 38. Rc3 fxg2 39. Rh3+ Kg8 40. Nxe7+ Rxe7 41. Bh4 Bxh4 42. Rxh4 Rh7 43. Nh6+ Kh8 44. Qg3 Qg7 45. Qxg7+ Kxg7 46. Nf5+ Kh8 47. Rxh7+ Kxh7 48. Kxg2 Kg6 49. Kf3 Kh5 1/2-1/2

[Event "IECG WC.2004.S.00003 email"]
[Site "IECG email"]
[Date "2002.05.08"]
[Round "?"]
[White "Bunyan, Henry"]
[Black "Maubrises, Etienne"]
[Result "1/2-1/2"]
[WhiteElo "2227"]
[BlackElo "1945"]
[PlyCount "60"]
[EventDate "2002.05.08"]
[EventType "tourn (corr)"]
[EventRounds "8"]
[SourceTitle "Corr 2008"]
[Source "ChessBase"]
[SourceDate "2008.06.24"]
[SourceVersion "1"]
[SourceVersionDate "2008.06.24"]
[SourceQuality "1"]

1. d4 f5 2. Nf3 Nf6 3. g3 g6 4. Bg2 Bg7 5. 0-0 0-0 6. c4 d6 7. Nc3 Qe8 8. d5 a5 9. Be3 Na6 10. Qc2 e5 11. dxe6 Bxe6 12. a3 c6 13. Rad1 Bxc4 14. Rxd6 Nd5 15. Nxd5 Bxd5 16. Ng5 Nc7 17. Rd1 Rf6 18. Bc5 a4 19. Bxd5+ Nxd5 20. e4 Rxd6 21. Bxd6 fxe4 22. Nxe4 Qe6 23. Bc5 Qf5 24. Qe2 b6 25. Bd4 Re8 26. f3 Bxd4+ 27. Rxd4 b5 28. Rxd5 cxd5 29. Nf6+ Qxf6 30. Qxe8+ Kg7 1/2-1/2